| 000 | 01299cam a22002773a 4500 | ||
|---|---|---|---|
| 001 | 3667 | ||
| 003 | PGUSA | ||
| 005 | 20140828083036.0 | ||
| 008 | 030101s2003||||xxu|||||s|||||000 d eng d | ||
| 040 |
_aPGUSA _beng |
||
| 042 | _adc | ||
| 050 | 4 | _aPS | |
| 100 | 1 |
_aLewis, Alfred Henry, _d1857-1914 |
|
| 245 | 1 | 0 |
_aWolfville Days _h[electronic resource] / _cAlfred Henry Lewis |
| 260 |
_bProject Gutenberg, _c2003 |
||
| 505 | 0 | _aThe great Wolfville strike -- The grinding of Dave Tutt -- The feud of Pickles -- Johnny Florer's axle grease -- Toothpick Johnson's ostracism -- The Wolfville Daily Coyote -- Cherokee Hall plays poker -- The treachery of Curly Ben -- Colonel Sterett's reminiscences -- How the dumb man rode -- How Prince Hal got help -- How Wolfville made a jest -- Death and the Donna Anna -- How Jack Rainey quit -- The defiance of Gene Watkins -- Colonel Sterett's war record -- Old Man Enright's love -- When Whiskey Billy died -- When the stage was stopped. | |
| 506 | _aPublic domain in the USA. | ||
| 516 | _aElectronic text | ||
| 653 | _aArizona -- Fiction | ||
| 653 | _aWestern stories | ||
| 653 | _aCowboys -- Fiction | ||
| 653 | _aHumorous stories, American | ||
| 830 | 0 |
_aProject Gutenberg _v3667 |
|
| 856 | 4 | 0 | _uhttp://www.gutenberg.org/ebooks/3667 |
| 942 | _cEB | ||
| 999 |
_c232996 _d232996 |
||